000
00308nam a22001337a 4500
008
181005b xxu||||| |||| 00| 0 eng d
020
_a
9780813109374
041
_a
eng
080
_a
821
100
_a
22
101
_a
GJL
245
_a
Twentieth-Century Southern Literature
_c
Bryant, J.A
942
_2
udc
_c
BK
999
_c
48917
_d
48917